00717nam a2200241Ia 4500003000400000005001700004008004100021020001500062040001800077041000800095082002300103100002400126245005500150250001200205260006800217300003300285650003600318650003000354650003100384650002500415650001200440650002300452OSt20250120091251.0210716s2010 xx 000 0 und d a8184040482 cAIMIT LIBRARY aeng a005.7401 24bFEUS aFeuerstein, Steven. aOracle pl/sql programming /cBy Steven Feuerstein. a4th ed. aMumbai :bShroff Publishers and Distributors Pvt Ltd. ,c2010. axxiv, 1171p. ;bPBc23.5 cm. aIterative processing with loops aWorking with program data aWorking with program data  aDates and timestamps aRecords aException Handlers